000 00855nam a2200241Ia 4500
003 OSt
005 20220923225039.0
006 a|||||r|||| 00| 0
007 ta
008 220922b |||||||| |||| 00| 0 hin d
024 _a255,724
037 _cTextual
040 _aARTS
_cARTS
_bhin
041 _2hin
_ahin
082 _aP152,35, 152L9
100 _aउलत्सिफेरोव, ओ0 गे0
_9162466
245 0 _aहिन्दी में क्रिया
_b एक व्याकरणिक अनुसंधान
246 _aHindī mean kriyā: ek vyākaraṇik anusandhāna
260 _aदिल्ली
_b पराग प्रकाशन
_c1979
300 _a335पृ.
_ccm.
942 _hP152,35, 152L9
_cTEXL
_2CC
999 _c375679
_d375679